| 000 | 00755nam a2200265Ia 4500 | ||
|---|---|---|---|
| 001 | Z_3338 | ||
| 003 | CHAP | ||
| 008 | 220113s1977 xx 000 0 und d | ||
| 010 | _a166448 | ||
| 020 | _a84-200-0294-1 | ||
| 040 | _cCHAP | ||
| 082 | _a636.085 C47y | ||
| 100 |
_aChurch, D C _922991 |
||
| 245 |
_aBases científicas para la nutrición y alimentación de los animales domésticos / _cpor D. C. Church |
||
| 260 |
_aZaragoza : _bAcribia, _c1977 |
||
| 300 | _a462 p. ; ilus. | ||
| 500 | _atítulo varía: Fundamentos de nutrición y alimentación de animales | ||
| 650 |
_aNutrición animal I. Pond, W. G. _9140528 |
||
| 901 | _a636.085 C47Y | ||
| 902 | _aM | ||
| 910 | _a1977 | ||
| 942 | _c1 | ||
| 942 | _cc1 | ||
| 999 |
_c166448 _d166448 |
||